000 00789cam a22002531 4500
001 12589
003 BD-RjUL
005 20211208235324.0
008 140129s1951 nyua b 001 0 eng
035 _a(BD-RjUL)12638
040 _aDLC
_cDLC
_dDLC
_dBD-RjUL
_beng
041 _aeng
082 0 0 _a621.3143
_bBLT
245 1 0 _aTransformer engineering :
_ba treatise on the theory, operation, and application of transformers /
_cby L. F. Blume...[et.al]
250 _a2d ed.
260 _aNew York :
_bWiley,
_c1951.
300 _aix, 500 p. :
_bill. ;
_c24 cm.
504 _aIncludes bibliographies and index.
650 0 _aElectric transformers.
_939223
700 _aBlume, L. F.
_9216322
942 _2ddc
_cBK
999 _c12589
_d12589